Chap 5: Les grands courants de la pensée économique - Statistiques

Statistiques générales
  • Ce quiz a été pris 184 fois
    177 depuis la dernière actualisation
  • Le résultat moyen est 6 sur 12
Statistiques - réponses
Question Réponse % Correct
Quel courant économique considère que la richesse provient principalement de l'or et que l'or est obtenu par le commerce avec une balance commerciale excédentaire ? Mercantilisme
81%
Quel économiste classique a mis en avant la théorie de la "main invisible" du marché dans son ouvrage "Recherche sur la nature et les causes de la richesse des nations" ? Adam Smith
73%
Quel économiste a soutenu la théorie de la "loi des débouchés", affirmant que la production crée sa propre demande ? Jean Baptiste Say
69%
Quel économiste classique a introduit la théorie des avantages comparatifs dans le commerce international ? David Ricardo
60%
Quel est le document publié par Marx et Engels en 1848, déclarant que l'histoire est essentiellement une histoire de lutte des classes ? Le Manifeste du Parti Communiste
60%
Quelle est la vision de l'économie politique selon les néoclassiques ? Libre entreprise et libre échange
60%
Qui est l'auteur du livre "Recherche sur la nature et les causes de la richesse des nations", publié en 1776 ? Adam Smith
58%
Quelle est la maxime associée à la politique économique de Comte de Mirabeau et de la physiocratie ? "La terre est la mère de tous les biens"
45%
Quel économiste a formulé la théorie de l'utilitarisme, soutenant que le bonheur général est la seule chose désirable comme fin ? John Stuart Mill
39%
Selon Karl Marx, quelles sont les trois formes d'aliénation sous le capitalisme ? Aliénation du travail, aliénation du produit du travail, aliénation de la nature
27%
Qui a formulé la théorie de la valeur travail, affirmant que les prix des marchandises sont déterminés par le travail nécessaire à leur production ? David Ricardo
27%
Qui a introduit la notion d'état stationnaire, décrivant un état où les salaires et les profits seraient très bas dans une nation atteignant son apogée de richesse ? Adam Smith
10%
Aucun quiz correspondant
Distribution des résultats
% des personnes avec chaque résultat
Percentile par nombre de réponses
Votre historique - résultats
Vous n’avez pas pris ce quiz depuis la dernière actualisation